Nâng cao năng suất và chất lượng sản phẩm, hàng hóa của doanh nghiệp nhỏ và vừa tỉnh Bình Dương giai đoạn 2011-2015
Gardado en:
| Autor Principal: | |
|---|---|
| Formato: | Libro |
| Idioma: | Undetermined |
| Những chủ đề: | |
| Acceso en liña: | http://lrc.tdmu.edu.vn/opac/search/detail.asp?aID=2&ID=23507 |
| Các nhãn: |
Engadir etiqueta
Sen Etiquetas, Sexa o primeiro en etiquetar este rexistro!
|
| Thư viện lưu trữ: | Trung tâm Học liệu Trường Đại học Thủ Dầu Một |
|---|
| LEADER | 00714nam a2200145Ia 4500 | ||
|---|---|---|---|
| 001 | TDMU_23507 | ||
| 008 | 210410s9999 xx 000 0 und d | ||
| 082 | |a 338 | ||
| 100 | |a Minh Thanh | ||
| 245 | 0 | |a Nâng cao năng suất và chất lượng sản phẩm, hàng hóa của doanh nghiệp nhỏ và vừa tỉnh Bình Dương giai đoạn 2011-2015 | |
| 245 | 0 | |c Minh Thanh | |
| 300 | |a Tr.7-10 | ||
| 650 | |a Doanh nghiệp nhỏ và vừa ; Chất lượng sản phẩm; Chất lượng hàng hóa ; Bình Dương ; Kinh tế | ||
| 856 | |u http://lrc.tdmu.edu.vn/opac/search/detail.asp?aID=2&ID=23507 | ||
| 980 | |a Trung tâm Học liệu Trường Đại học Thủ Dầu Một | ||